[Event "Lovsprings op 09th E"]
[Site "Ringsted"]
[Date "1997.04.18"]
[Round "5"]
[White "Petersen, Gregers"]
[Black "Orup, Kim"]
[Result "0-1"]
[WhiteElo "1205"]
[BlackElo "1223"]
[PlyCount "118"]
[EventDate "1997.03.14"]
[EventType "swiss"]
[EventRounds "7"]
[EventCountry "DEN"]
[SourceTitle "EXT 2023"]
[Source "ChessBase"]
[SourceDate "2022.10.05"]
[SourceVersion "1"]
[SourceVersionDate "2022.10.05"]
[SourceQuality "1"]

1. d4 Nf6 2. Nf3 d5 3. c4 e6 4. c5 b6 5. b4 Be7 6. Ne5 Bd7 7. Nc3 Nc6 8. Nxc6 Bxc6 9. a4 a6 10. Bf4 Ne4 11. Nxe4 dxe4 12. e3 Bd5 13. Qc2 c6 14. Be2 0-0 15. 0-0 b5 16. a5 Bg5 17. Bd6 Re8 18. Qc3 f5 19. f3 Qf6 20. Be5 Qh6 21. f4 Bf6 22. Bd6 Kf7 23. Qe1 g5 24. Qd1 g4 25. Kh1 Rg8 26. Rg1 Ke8 27. g3 Rg6 28. Bf1 Qh5 29. Rb1 Rh6 30. Rb2 Kd7 31. Rgg2 Rg8 32. Kg1 Qf7 33. Kf2 Rh5 34. Rg1 Rg6 35. Rh1 Rgh6 36. Ke1 Qe8 37. Rf2 Qc8 38. Kd2 Qb7 39. Kc3 Be7 40. Be5 Rg6 41. Bg2 Bd8 42. h3 Rhh6 43. hxg4 Rxh1 44. Qxh1 Rxg4 45. Qxh7+ Kc8 46. Qh2 Qf7 47. Bh3 Rg6 48. Qg1 Bf6 49. Bd6 Qg7 50. Rg2 Rh6 51. Qh2 Qh8 52. Qg1 Rxh3 53. g4 Bxd4+ 54. Kc2 Bxe3 55. Qd1 Bxf4 56. Qe1 Bb3+ 57. Kb1 Rh1 58. Rg1 Qh2 59. Bxf4 Qc2+ 0-1

[Event "Lovsprings op 09th E"]
[Site "Ringsted"]
[Date "1997.03.21"]
[Round "2"]
[White "Hansen, Arne Mandrup"]
[Black "Petersen, Gregers"]
[Result "1-0"]
[WhiteElo "1133"]
[BlackElo "1205"]
[PlyCount "99"]
[EventDate "1997.03.14"]
[EventType "swiss"]
[EventRounds "7"]
[EventCountry "DEN"]
[SourceTitle "EXT 2023"]
[Source "ChessBase"]
[SourceDate "2022.10.05"]
[SourceVersion "1"]
[SourceVersionDate "2022.10.05"]
[SourceQuality "1"]

1. b3 Nc6 2. Bb2 e5 3. c4 Nf6 4. a3 Bc5 5. e3 0-0 6. d3 d5 7. cxd5 Nxd5 8. Qd2 Qf6 9. Nc3 Nxc3 10. Bxc3 Re8 11. Ne2 b6 12. Ng3 Qe7 13. b4 Bd6 14. Rb1 b5 15. Be2 Bb7 16. 0-0 Rf8 17. Nf5 Qg5 18. e4 Qxd2 19. Bxd2 Nd4 20. Nxd4 exd4 21. Rbc1 Rae8 22. Rc2 f5 23. f3 h6 24. Rfc1 Rf7 25. g3 g5 26. Kg2 f4 27. g4 a6 28. Rh1 Kg7 29. Rcc1 Kg6 30. h4 h5 31. gxh5+ Kxh5 32. hxg5+ Kxg5 33. Kf2 Be5 34. Rcg1+ Kf6 35. Bf1 Bc8 36. Bh3 Bxh3 37. Rxh3 Ke7 38. Rg5 Kd8 39. Rh6 Bf6 40. Rg4 Re6 41. Ke1 Rc6 42. Kd1 Kc8 43. e5 Kb7 44. Rxf6 Rfxf6 45. exf6 Rxf6 46. Rxf4 Rd6 47. Re4 Kb6 48. f4 c5 49. bxc5+ Kxc5 50. Bb4+ 1-0